[Event "Paracin 2018"]
[Site "Paracin"]
[Date "2018.07.12"]
[Round "8.3"]
[White "Lorparizangeneh, Shahin"]
[Black "Savic, Miodrag R"]
[Result "1-0"]
[WhiteElo "2493"]
[BlackElo "2541"]
[PlyCount "155"]
[EventDate "2018.??.??"]

1. d4 Nf6 2. c4 e6 3. g3 Bb4+ 4. Bd2 a5 5. Bg2 O-O 6. Nf3 d5 7. O-O dxc4 8. Qc2
Nc6 9. Qxc4 Qd5 10. Qxd5 exd5 11. Bf4 Bg4 12. a3 Bd6 13. Bxd6 cxd6 14. e3 Rfc8
15. Nc3 Ne7 16. Rfc1 Rc6 17. h3 Bxf3 18. Bxf3 Rac8 19. Re1 g6 20. Re2 Rb6 21.
Rc2 Rbc6 22. Rd2 Kg7 23. Kf1 Rb8 24. Ke2 b5 25. Kd3 h5 26. Rc2 b4 27. axb4 axb4
28. Ne2 Rxc2 29. Kxc2 g5 30. Kd3 Rb6 31. h4 g4 32. Bg2 Rc6 33. Rc1 Ra6 34. Nf4
Ra7 35. Kc2 Rc7+ 36. Kd1 Ra7 37. Kc2 Rc7+ 38. Kb1 Ra7 39. Nd3 Rb7 40. Nf4 Ra7
41. Nd3 Rb7 42. Ka2 b3+ 43. Ka3 Kg6 44. Nb4 Kf5 45. Kxb3 Ne4 46. Ka4 Ra7+ 47.
Kb5 Rb7+ 48. Ka5 Nd2 49. Nxd5 Nxd5 50. Bxd5 Rxb2 51. Rc7 f6 52. Re7 Kg6 53.
Bf7+ Kh6 54. Be6 Kg6 55. Bf7+ Kh6 56. Bd5 Kg6 57. Bf7+ Kh6 58. Bd5 Kg6 59. Ka4
Rb1 60. Bf7+ Kh6 61. Re6 Kg7 62. Bxh5 d5 63. Re7+ Kh8 64. Bxg4 Ne4 65. Bf5 Ra1+
66. Kb4 Rb1+ 67. Ka5 Ra1+ 68. Kb6 Nxf2 69. h5 Rh1 70. g4 Rh4 71. Kc6 Nxg4 72.
Bxg4 Rxg4 73. Kxd5 Rg3 74. e4 Rd3 75. Rf7 Rh3 76. Rxf6 Rxh5+ 77. Rf5 Rg5 78.
Rxg5 1-0

[Event "Paracin 2018"]
[Site "Paracin"]
[Date "2018.07.12"]
[Round "8.5"]
[White "Asadli, Vugar"]
[Black "Gadimbayli, Abdulla"]
[Result "1-0"]
[WhiteElo "2478"]
[BlackElo "2420"]
[PlyCount "71"]
[EventDate "2018.??.??"]

1. e4 e6 2. d4 d5 3. Nc3 Bb4 4. e5 c5 5. a3 Bxc3+ 6. bxc3 Ne7 7. Qg4 Qc7 8.
Qxg7 Rg8 9. Qxh7 cxd4 10. Ne2 dxc3 11. f4 Nbc6 12. h4 Bd7 13. h5 O-O-O 14. Qd3
d4 15. h6 Kb8 16. h7 Rh8 17. Rb1 Bc8 18. g4 b6 19. Bg2 Bb7 20. Be4 Nd5 21. Rh6
Qc8 22. Qg3 Ba6 23. f5 d3 24. cxd3 c2 25. Rb3 Na5 26. Rb2 Qc7 27. fxe6 fxe6 28.
Rxe6 Nb7 29. Rd6 Nxd6 30. exd6 Qxd6 31. Rxc2 Qxg3+ 32. Nxg3 Rd7 33. Rh2 Nf6 34.
Bf4+ Kc8 35. Rc2+ Kd8 36. Bg5 1-0

[Event "Paracin 2018"]
[Site "Paracin"]
[Date "2018.07.12"]
[Round "8.6"]
[White "Mcphillips, Joseph"]
[Black "Kosic, Dragan"]
[Result "0-1"]
[WhiteElo "2402"]
[BlackElo "2463"]
[PlyCount "66"]
[EventDate "2018.??.??"]

1. e4 e6 2. d4 d5 3. Nc3 Nf6 4. e5 Nfd7 5. f4 c5 6. Nf3 Nc6 7. Be3 Be7 8. Qd2
O-O 9. dxc5 Nxc5 10. O-O-O a6 11. Qf2 Qa5 12. Kb1 Na4 13. Nxa4 Qxa4 14. Nd4 Bd7
15. b3 Qa3 16. Nxc6 bxc6 17. Bd3 c5 18. Qe1 a5 19. c3 Rfb8 20. Ka1 c4 21. Bc1
Qc5 22. bxc4 Ba4 23. Be3 Qc7 24. Rd2 dxc4 25. Be4 Bc6 26. Bxc6 Qxc6 27. Qe2 Ba3
28. Rhd1 h6 29. Qf1 Rb7 30. f5 Rab8 31. fxe6 Qxe6 32. Rd8+ Kh7 33. Ba7 Bb2+ 0-1

[Event "Paracin 2018"]
[Site "Paracin"]
[Date "2018.07.12"]
[Round "8.7"]
[White "Petrov, Martin"]
[Black "Raja, Rithvik R"]
[Result "1-0"]
[WhiteElo "2441"]
[BlackElo "2343"]
[PlyCount "86"]
[EventDate "2018.??.??"]

1. e4 c5 2. Nf3 d6 3. d4 cxd4 4. Nxd4 Nf6 5. Nc3 a6 6. Be3 e5 7. Nb3 Be6 8. h3
Nbd7 9. g4 h6 10. Qd2 Rc8 11. O-O-O b5 12. f4 Be7 13. Kb1 Bc4 14. g5 hxg5 15.
fxg5 Nh5 16. Bxc4 bxc4 17. Nc1 Nc5 18. N1e2 Qd7 19. Bxc5 Rxc5 20. Qe3 Qb7 21.
Ng3 Nxg3 22. Qxg3 O-O 23. Ka1 Rb8 24. Rb1 Bd8 25. g6 f5 26. Qf3 Ba5 27. Qh5 f4
28. Nd5 Rxd5 29. Qh7+ Kf8 30. Qh8+ Ke7 31. Qxg7+ Ke8 32. Qg8+ Ke7 33. Qf7+ Kd8
34. Qf8+ Kc7 35. Qe7+ Kb6 36. Qxb7+ Kxb7 37. exd5 Rg8 38. Rhg1 f3 39. Rg4 f2
40. Rf1 Be1 41. Kb1 e4 42. Kc1 c3 43. b3 e3 1-0

[Event "Paracin 2018"]
[Site "Paracin"]
[Date "2018.07.12"]
[Round "8.11"]
[White "Nestorovic, Dejan"]
[Black "Milanovic, Danilo"]
[Result "0-1"]
[WhiteElo "2341"]
[BlackElo "2471"]
[PlyCount "140"]
[EventDate "2018.??.??"]

1. d4 Nf6 2. c4 c5 3. d5 b5 4. cxb5 a6 5. e3 axb5 6. Bxb5 Qa5+ 7. Nc3 Bb7 8.
Bd2 Qb6 9. a4 Nxd5 10. Nf3 Nc7 11. O-O g6 12. e4 Bg7 13. a5 Qd6 14. Bc4 Ba6 15.
Qb3 O-O 16. Na4 Qc6 17. Nb6 Ra7 18. e5 Bxc4 19. Nxc4 d5 20. exd6 exd6 21. Bc3
d5 22. Bxg7 Kxg7 23. Nce5 Qb5 24. Qc3 f6 25. Nd3 Nba6 26. Rfe1 d4 27. Qd2 Nd5
28. Rac1 Rc7 29. h4 Qd7 30. Nf4 Nxf4 31. Qxf4 Rf7 32. Nd2 Nb4 33. Qg3 Qd5 34.
Nc4 Rfe7 35. Rxe7+ Rxe7 36. Qf3 Qxf3 37. gxf3 Na6 38. Kf1 Kf7 39. Re1 Rxe1+ 40.
Kxe1 Ke6 41. Kd2 Nb4 42. Nb6 Kd6 43. Nc4+ Kc6 44. b3 f5 45. Ne5+ Kb5 46. Nd7
Na6 47. Nf8 Kb4 48. Kc2 d3+ 49. Kxd3 Kxb3 50. Ne6 c4+ 51. Ke3 c3 52. Nd4+ Kc4
53. Ne2 Nb4 54. Nc1 Nd5+ 55. Ke2 Nf4+ 56. Kd1 Kb5 57. Nb3 Ng2 58. Kc2 Nxh4 59.
Kxc3 Nxf3 60. Kd3 Ng5 61. Kd4 Ne4 62. f3 Ng5 63. Nd2 Kxa5 64. Ke5 Kb4 65. f4
Kc3 66. Nb1+ Kb2 67. Nd2 Kc2 68. Nc4 Ne4 69. Ke6 Kd3 70. Kd5 Nc3+ 0-1

[Event "Paracin 2018"]
[Site "Paracin"]
[Date "2018.07.12"]
[Round "8.12"]
[White "Ivic, Velimir"]
[Black "Marjanovic, Annamaria"]
[Result "1-0"]
[WhiteElo "2432"]
[BlackElo "2325"]
[PlyCount "144"]
[EventDate "2018.??.??"]

1. e4 e5 2. Nf3 Nc6 3. Bb5 a6 4. Ba4 Nf6 5. O-O Be7 6. d3 b5 7. Bb3 d6 8. a3
Be6 9. Nc3 Qd7 10. Bd2 Bg4 11. Be3 O-O 12. h3 Be6 13. Ne2 Na5 14. Bxe6 fxe6 15.
b4 Nc6 16. Ng3 d5 17. c3 Bd6 18. c4 d4 19. Bd2 Rfb8 20. Qc2 Bf8 21. Rfc1 Rb6
22. a4 bxa4 23. b5 axb5 24. cxb5 Nb4 25. Bxb4 Bxb4 26. Rxa4 Rxa4 27. Qxa4 Qxb5
28. Qxb5 Rxb5 29. Rxc7 h6 30. Nf1 Ne8 31. Rd7 Ra5 32. g3 Kf8 33. Kg2 Nd6 34. h4
Nf7 35. Rb7 Bd6 36. N1d2 Rc5 37. Nc4 Bc7 38. Kf1 Ke8 39. Ke2 Kd7 40. Rb1 Kc8
41. h5 Kd7 42. Rb7 Kc8 43. Rb2 Kd7 44. Nh4 Ng5 45. f3 Nf7 46. Ng6 Nd8 47. Kd1
Ke8 48. Ra2 Kd7 49. Ra7 Kc8 50. Ra8+ Kd7 51. Kd2 Rb5 52. Kc2 Bb8 53. Ra5 Rxa5
54. Nxa5 Nf7 55. Nc4 Kc6 56. Kb3 Kb5 57. Nf8 Ng5 58. Nd7 Bc7 59. Ndxe5 Nh3 60.
Kc2 Kb4 61. Kd2 Ng5 62. f4 Nh7 63. Nd7 Kb5 64. Ke2 Kc6 65. Nde5+ Kc5 66. Ng4
Kb4 67. Kd2 Kb3 68. e5 Nf8 69. Nf2 Bd8 70. Ne4 Be7 71. Na5+ Ka4 72. Nc6 Bb4+
1-0

[Event "Paracin 2018"]
[Site "Paracin"]
[Date "2018.07.12"]
[Round "8.22"]
[White "Lajthajm, Borko"]
[Black "Sredojevic, Ivan"]
[Result "1/2-1/2"]
[WhiteElo "2422"]
[BlackElo "2298"]
[PlyCount "53"]
[EventDate "2018.??.??"]

1. d4 Nf6 2. c4 e6 3. Nf3 d5 4. Nc3 c5 5. cxd5 Nxd5 6. e4 Nxc3 7. bxc3 cxd4 8.
cxd4 Bb4+ 9. Bd2 Bxd2+ 10. Qxd2 O-O 11. Bc4 Nd7 12. O-O b6 13. Rac1 Bb7 14. Qf4
Rc8 15. Bd3 Qe7 16. h4 h6 17. Rfe1 Rfd8 18. Bb1 Nf6 19. Rxc8 Rxc8 20. d5 exd5
21. exd5 Qc5 22. d6 Rd8 23. Rd1 Bd5 24. Rc1 Qa3 25. d7 Nxd7 26. Qc7 Nf8 27. Re1
1/2-1/2

[Event "Paracin 2018"]
[Site "Paracin"]
[Date "2018.07.12"]
[Round "8.29"]
[White "Harsha, Bharathakoti"]
[Black "Olson, Hamish"]
[Result "1/2-1/2"]
[WhiteElo "2465"]
[BlackElo "2229"]
[PlyCount "57"]
[EventDate "2018.??.??"]

1. d4 d5 2. c4 e6 3. Nc3 Nf6 4. cxd5 exd5 5. Bg5 c6 6. e3 Be7 7. Bd3 O-O 8. Qc2
Nbd7 9. Nge2 Re8 10. O-O Nf8 11. f3 g6 12. Rad1 Ne6 13. Bh4 b5 14. Bf2 Bb7 15.
Qd2 Rc8 16. Bb1 b4 17. Na4 Ba6 18. b3 Bxe2 19. Qxe2 c5 20. dxc5 Nxc5 21. Nb2
Qc7 22. Rc1 Bd6 23. g3 Qb7 24. Nd3 Nxd3 25. Bxd3 Rc3 26. Rxc3 bxc3 27. Qc2 Bc5
28. Qxc3 Qb6 29. Qd2 1/2-1/2

[Event "Paracin 2018"]
[Site "Paracin"]
[Date "2018.07.12"]
[Round "8.30"]
[White "Petrov, Georgi"]
[Black "Arsovic, Zoran"]
[Result "0-1"]
[WhiteElo "2213"]
[BlackElo "2436"]
[PlyCount "82"]
[EventDate "2018.??.??"]

1. Nf3 Nf6 2. c4 g6 3. g3 Bg7 4. Bg2 O-O 5. O-O d6 6. d4 Nbd7 7. Nc3 e5 8. h3
exd4 9. Nxd4 Re8 10. b3 Nc5 11. Bb2 c6 12. Qc2 a5 13. Rad1 Qb6 14. Rd2 a4 15.
Rfd1 axb3 16. axb3 h5 17. e3 Nh7 18. Nb1 Ng5 19. Kh2 Nge4 20. Re2 Ra2 21. Nc3
Nxc3 22. Qxc3 Nxb3 23. Qxb3 Qxb3 24. Nxb3 Rxb2 25. Rxb2 Bxb2 26. Rxd6 h4 27.
Rd2 hxg3+ 28. Kxg3 Bf6 29. Nc5 Be7 30. Nb3 Be6 31. Bf1 Ra8 32. Nd4 Bc8 33. Rb2
Ra1 34. Be2 Kf8 35. Kg2 Ke8 36. Rd2 Rc1 37. Ra2 Kd8 38. Ra4 Rc3 39. Bg4 f5 40.
Bd1 Bf6 41. Ne2 Rd3 0-1

[Event "Paracin 2018"]
[Site "Paracin, Hotel Petrus"]
[Date "2018.07.12"]
[Round "8.31"]
[White "Bratkovic, Sham"]
[Black "Djordjevic, Vuk"]
[Result "0-1"]
[WhiteElo "2190"]
[BlackElo "2403"]
[PlyCount "120"]
[EventDate "2018.07.06"]

1. e4 e6 2. d4 d5 3. Nd2 Be7 4. exd5 exd5 5. Ngf3 Nf6 6. Bd3 Bg4 7. h3 Bh5 8.
O-O O-O 9. c3 Bd6 10. Qb3 b6 11. c4 dxc4 12. Qxc4 c5 13. dxc5 Bxc5 14. b3 Nc6
15. Bb2 Rc8 16. Bf5 Rc7 17. Qh4 Qd5 18. Bxf6 Qxf5 19. Bxg7 Rfc8 20. Bb2 Bg6 21.
Qh6 Bf8 22. Qg5 Qxg5 23. Nxg5 Nb4 24. Nde4 Bg7 25. Bxg7 Kxg7 26. Nd6 Rd8 27.
Nc4 Bd3 28. Rfd1 Rd5 29. Nb2 Be2 30. Rxd5 Nxd5 31. Nd1 Re7 32. Ne3 Nxe3 33.
fxe3 Rxe3 34. Re1 Re8 35. a4 f6 36. Nf3 Kf7 37. Kf2 Bd3 38. Rxe8 Kxe8 39. Ke3
Bf1 40. Ne1 Kd7 41. h4 Kd6 42. Kd4 Be2 43. b4 a5 44. bxa5 bxa5 45. Nc2 Bd1 46.
Na3 Bxa4 47. Nc4+ Ke6 48. g3 Kf5 49. Ke3 Kg4 50. Kf2 Bc6 51. Nxa5 Bd5 52. Ke3
Kxg3 53. Kd4 Bf7 54. Nb7 Kxh4 55. Nd6 Bg6 56. Ke3 Kg3 57. Nc4 f5 58. Nd2 f4+
59. Ke2 f3+ 60. Kd1 Bd3 0-1

[Event "Paracin 2018"]
[Site "Paracin, Hotel Petrus"]
[Date "2018.07.12"]
[Round "8.32"]
[White "Kulkarni, Chinmay"]
[Black "Uysal, Burak"]
[Result "1-0"]
[WhiteElo "2336"]
[BlackElo "2185"]
[PlyCount "97"]
[EventDate "2018.07.06"]

1. e4 e5 2. Nf3 Nc6 3. Bb5 a6 4. Ba4 Nf6 5. Nc3 Bb4 6. Nd5 Nxd5 7. exd5 Nd4 8.
Nxe5 O-O 9. O-O b5 10. Bb3 Nxb3 11. axb3 Bb7 12. c4 c6 13. dxc6 dxc6 14. d4 Bd6
15. Nf3 Qf6 16. Bg5 Qg6 17. c5 Bc7 18. Qd2 f6 19. Bf4 Bxf4 20. Qxf4 Qc2 21.
Rae1 Qxb3 22. Re7 Rf7 23. Rfe1 Raf8 24. Qc7 Bc8 25. Rxf7 Qxf7 26. Re7 Qg6 27.
Qxc6 Bg4 28. Ne1 Bh5 29. Qe6+ Kh8 30. c6 Bg4 31. Qd6 h5 32. c7 Rc8 33. Qg3 Re8
34. h3 Rxe7 35. c8=Q+ Bxc8 36. Qxg6 Rxe1+ 37. Kh2 Kg8 38. Qxh5 Bb7 39. Qc5 Kf7
40. Qh5+ Kg8 41. Qf5 Re7 42. h4 Kf7 43. f3 g6 44. Qf4 Rd7 45. Qh6 Bc6 46. Qh7+
Ke6 47. Qg8+ Ke7 48. Qxg6 Rxd4 49. h5 1-0

[Event "Paracin 2018"]
[Site "Paracin, Hotel Petrus"]
[Date "2018.07.12"]
[Round "8.33"]
[White "Becker, Marcel"]
[Black "Djokic, Slavoljub"]
[Result "1-0"]
[WhiteElo "2330"]
[BlackElo "2118"]
[PlyCount "123"]
[EventDate "2018.07.06"]

1. d4 c5 2. d5 Nf6 3. c4 b5 4. Qc2 bxc4 5. e4 d6 6. Bxc4 g6 7. f4 Bg7 8. Nf3
O-O 9. O-O Ba6 10. Na3 Qc7 11. Bd2 Bxc4 12. Nxc4 Nbd7 13. Bc3 Rfb8 14. Rad1 a5
15. e5 Ne8 16. Qe2 Nf8 17. Ng5 f6 18. exf6 exf6 19. Ne6 Nxe6 20. Qxe6+ Kf8 21.
f5 a4 22. a3 Qf7 23. Rfe1 Qxe6 24. Rxe6 gxf5 25. Nxd6 Nc7 26. Nxf5 Nxe6 27.
dxe6 Re8 28. Rd7 Rxe6 29. Rxg7 Rd8 30. Rg3 Re2 31. h4 Rd5 32. Rf3 Re6 33. Kf2
h5 34. Ne3 Rdd6 35. Rf5 Rd3 36. Rxf6+ Rxf6+ 37. Bxf6 Kf7 38. Bc3 Kg6 39. Kf3
Rd8 40. Ke4 Rd7 41. Nd5 Kh6 42. Nb6 Ra7 43. Kd5 Kg6 44. Kxc5 Kf5 45. Kb5 Kg4
46. Bf6 Rf7 47. Bg5 Kg3 48. Kxa4 Kxg2 49. Nd5 Kf3 50. b4 Ke4 51. Nf6+ Kd4 52.
Kb3 Rc7 53. Be3+ Kd3 54. Bc5 Rf7 55. Nxh5 Rh7 56. Nf4+ Ke4 57. Ng6 Rh6 58. h5
Rxh5 59. Kc4 Kf5 60. Ne7+ Ke6 61. Kb5 Kd7 62. Kb6 1-0

[Event "Paracin 2018"]
[Site "Paracin, Hotel Petrus"]
[Date "2018.07.12"]
[Round "8.34"]
[White "Budisavljevic, Luka"]
[Black "Krstic, Milos"]
[Result "1-0"]
[WhiteElo "2324"]
[BlackElo "2137"]
[PlyCount "55"]
[EventDate "2018.07.06"]

1. d4 Nf6 2. Nf3 e6 3. Bf4 c5 4. e3 Qb6 5. Na3 d5 6. Nb5 Na6 7. a4 c4 8. Ne5
Nd7 9. c3 Nxe5 10. Bxe5 f6 11. Bg3 Bd7 12. b3 cxb3 13. Qxb3 Kf7 14. Bd3 Bxb5
15. Qxb5 Be7 16. Rb1 Qxb5 17. Rxb5 b6 18. Kd2 Nb8 19. e4 Rd8 20. exd5 exd5 21.
Rxd5 Nc6 22. Be4 Rac8 23. Rxd8 Nxd8 24. Bd5+ Ke8 25. Re1 Kd7 26. Bg8 h6 27. Bh7
Rc4 28. Bd3 1-0

[Event "Paracin 2018"]
[Site "Paracin, Hotel Petrus"]
[Date "2018.07.12"]
[Round "8.35"]
[White "Ozen, Bahadir"]
[Black "Eswaran, Ashritha"]
[Result "1-0"]
[WhiteElo "2317"]
[BlackElo "2092"]
[PlyCount "71"]
[EventDate "2018.07.06"]

1. g3 d5 2. Nf3 c6 3. Bg2 Bg4 4. h3 Bh5 5. d3 Nd7 6. Nbd2 e6 7. O-O Bd6 8. e4
Bxf3 9. Qxf3 Ne7 10. Qe2 Qc7 11. d4 Qb6 12. Nf3 O-O 13. b3 a5 14. c4 Qa6 15.
Bb2 b5 16. exd5 cxd5 17. cxb5 Qb6 18. a4 Nf5 19. Rac1 Rac8 20. Qd3 Rfe8 21.
Rfd1 Bb8 22. Rc2 Ba7 23. Rdc1 Ne7 24. Ba3 Rxc2 25. Qxc2 Ng6 26. Qc7 Nb8 27. b4
e5 28. bxa5 Qxc7 29. Rxc7 Bxd4 30. a6 Bb6 31. Rb7 e4 32. Rxb6 exf3 33. Rxb8
Rxb8 34. Bxf3 Ne5 35. Bxd5 Nd7 36. a7 1-0

[Event "Paracin 2018"]
[Site "Paracin, Hotel Petrus"]
[Date "2018.07.12"]
[Round "8.36"]
[White "Shoboev, Dandar"]
[Black "Konaplev, Anton"]
[Result "1/2-1/2"]
[WhiteElo "2086"]
[BlackElo "2316"]
[PlyCount "55"]
[EventDate "2018.07.06"]

1. d4 d5 2. c4 e6 3. Nf3 Nf6 4. g3 dxc4 5. Bg2 c5 6. O-O Nc6 7. dxc5 Qxd1 8.
Rxd1 Bxc5 9. Nbd2 c3 10. bxc3 O-O 11. Ne1 Bd7 12. Nd3 Be7 13. Nb3 b6 14. c4
Rac8 15. Bb2 Rfd8 16. Rac1 Be8 17. c5 h6 18. Rd2 bxc5 19. Ndxc5 Nb4 20. Rxd8
Rxd8 21. Nb7 Rd7 22. a3 Nbd5 23. N7a5 Rd8 24. h3 Bf8 25. Nb7 Rd7 26. N3c5 Bxc5
27. Nxc5 Rd8 28. e3 1/2-1/2

[Event "Paracin 2018"]
[Site "Paracin, Hotel Petrus"]
[Date "2018.07.12"]
[Round "8.37"]
[White "Savanovic, Vuk"]
[Black "Ashid, Tsetseg-Ulzii"]
[Result "1-0"]
[WhiteElo "2294"]
[BlackElo "2055"]
[PlyCount "120"]
[EventDate "2018.07.06"]

1. e4 e6 2. d4 d5 3. Nc3 Bb4 4. e5 Ne7 5. a3 Bxc3+ 6. bxc3 b6 7. Qg4 Ng6 8. h4
h5 9. Qg3 Ba6 10. Bxa6 Nxa6 11. Ne2 Nb8 12. Nf4 Nxf4 13. Bxf4 g6 14. Bg5 Qd7
15. Bf6 Rh7 16. O-O Qa4 17. f4 Nd7 18. f5 Nf8 19. fxe6 Nxe6 20. Qd3 Kd7 21.
Rfb1 a5 22. Rb5 Qc4 23. Qxc4 dxc4 24. d5 Nc5 25. Rxc5 bxc5 26. Rb1 Rhh8 27.
Bxh8 Rxh8 28. Rb5 Re8 29. Rxa5 Rxe5 30. Rxc5 Re2 31. Rxc4 Rxc2 32. Rc6 Ra2 33.
Rf6 Rxa3 34. Rxf7+ Kd6 35. c4 Rg3 36. Rf6+ Kd7 37. Kf2 Rg4 38. g3 Rxc4 39. Rxg6
Rc5 40. Rg5 Ke7 41. Rxh5 Kf6 42. Rg5 c6 43. dxc6 Rxc6 44. Kf3 Rc4 45. Rb5 Ra4
46. Rb6+ Kg7 47. Re6 Ra3+ 48. Kf4 Kf7 49. Re4 Ra1 50. Kf5 Rg1 51. g4 Rf1+ 52.
Rf4 Ra1 53. Kg5+ Kg7 54. h5 Ra6 55. Rf5 Rb6 56. Rc5 Ra6 57. h6+ Kh7 58. Rc7+
Kh8 59. Kh5 Ra5+ 60. g5 Rb5 1-0

[Event "Paracin 2018"]
[Site "Paracin, Hotel Petrus"]
[Date "2018.07.12"]
[Round "8.38"]
[White "Rakshitta, Ravi"]
[Black "Omorjan, Dejan"]
[Result "0-1"]
[WhiteElo "2026"]
[BlackElo "2292"]
[PlyCount "90"]
[EventDate "2018.07.06"]

1. e4 c5 2. Nc3 Nc6 3. Nf3 e5 4. Bc4 g6 5. d3 Bg7 6. Ng5 Nh6 7. f4 f6 8. Nf3 d6
9. f5 Nf7 10. Nh4 Ne7 11. O-O Bd7 12. Nd5 Nxd5 13. Bxd5 g5 14. Qh5 Qe7 15. Bxg5
fxg5 16. f6 Bxf6 17. Rxf6 Qxf6 18. Rf1 Qxf1+ 19. Kxf1 gxh4 20. Qxf7+ Kd8 21.
Qg7 Kc7 22. Be6 Rhd8 23. Qxh7 Kc6 24. Bxd7+ Rxd7 25. Qxh4 Rg8 26. g4 Rf7+ 27.
Kg2 Rf4 28. h3 Rgf8 29. Qg3 Rf1 30. Qe3 R1f4 31. g5 Kd7 32. Qg3 Ke6 33. h4 Kf7
34. h5 Kg7 35. g6 c4 36. dxc4 b6 37. b3 R4f6 38. Qh4 Kh6 39. Qg4 Rf4 40. Qg3
Kxh5 41. g7 Rg8 42. Qh3+ Kg6 43. Qe6+ Kxg7 44. Qxd6 Rf6 45. Qe7+ Kh8+ 0-1

[Event "Paracin 2018"]
[Site "Paracin, Hotel Petrus"]
[Date "2018.07.12"]
[Round "8.39"]
[White "Sevgi, Volkan"]
[Black "Bojicic, Andjela"]
[Result "1-0"]
[WhiteElo "2277"]
[BlackElo "2028"]
[PlyCount "85"]
[EventDate "2018.07.06"]

1. e4 c5 2. Nc3 Nc6 3. g3 g6 4. Bg2 Bg7 5. d3 d6 6. Be3 Nf6 7. h3 O-O 8. Nge2
Qb6 9. Rb1 Nd4 10. O-O e5 11. f4 Be6 12. b3 Qc7 13. g4 Nxe2+ 14. Nxe2 exf4 15.
Bxf4 Nd7 16. c3 Nb6 17. d4 cxd4 18. cxd4 Qe7 19. a4 Rad8 20. a5 Nc8 21. Qd2 d5
22. e5 f6 23. Kh1 a6 24. Rbe1 Qd7 25. exf6 Bxf6 26. Bh6 Bg7 27. Bxg7 Kxg7 28.
Nf4 Bf7 29. Nd3 Na7 30. Nc5 Qc7 31. Re6 Nc6 32. Ref6 Qe7 33. g5 Rde8 34. Nxa6
Nxa5 35. Nc5 Nc6 36. Qf4 Nb8 37. Qh4 Nd7 38. Qh6+ Kg8 39. Rxf7 Rxf7 40. Bxd5
Ref8 41. Nxd7 Kh8 42. Qxf8+ Qxf8 43. Rxf7 1-0

[Event "Paracin 2018"]
[Site "Paracin, Hotel Petrus"]
[Date "2018.07.12"]
[Round "8.40"]
[White "Popovic, Aleksandar M"]
[Black "Toncheva, Nadya"]
[Result "1-0"]
[WhiteElo "2264"]
[BlackElo "1975"]
[PlyCount "67"]
[EventDate "2018.07.06"]

1. Nf3 c5 2. g3 g6 3. Bg2 Bg7 4. O-O Nc6 5. c4 e6 6. Nc3 Nge7 7. d3 O-O 8. Rb1
d5 9. a3 b6 10. Bg5 h6 11. Bd2 Bb7 12. Qc1 Kh7 13. b4 d4 14. Na4 cxb4 15. axb4
Qd7 16. b5 Nd8 17. c5 bxc5 18. Nxc5 Qc8 19. Bb4 Re8 20. Qa3 Nd5 21. Rbc1 Nc3
22. Nxb7 Nxb7 23. Nxd4 Bxd4 24. Bxc3 Bb6 25. Bc6 Bc5 26. Qa6 Nd6 27. Be5 Qxa6
28. bxa6 Ba3 29. Ra1 Bc5 30. Rfc1 Bb4 31. Ra4 Bd2 32. Rd1 Rac8 33. Bxe8 Rxe8
34. Rxd2 1-0

[Event "Paracin 2018"]
[Site "Paracin, Hotel Petrus"]
[Date "2018.07.12"]
[Round "8.41"]
[White "Cvetkovic, Srdjan"]
[Black "Altun, Arda"]
[Result "1-0"]
[WhiteElo "2262"]
[BlackElo "1955"]
[PlyCount "131"]
[EventDate "2018.07.06"]

1. c4 e5 2. Nc3 d6 3. g3 f5 4. Bg2 Nf6 5. e3 g6 6. Nge2 Bg7 7. O-O O-O 8. d3
Nc6 9. b3 h6 10. Bb2 Rb8 11. Qd2 Be6 12. d4 Bf7 13. dxe5 dxe5 14. Rfd1 Qe7 15.
Nd5 Nxd5 16. cxd5 Rfd8 17. Qc3 Nb4 18. Ba3 a5 19. e4 Rbc8 20. Rac1 c6 21. exf5
e4 22. Bxb4 axb4 23. Qc5 Qxc5 24. Rxc5 gxf5 25. d6 Bd5 26. Nf4 b6 27. Nxd5 bxc5
28. Ne7+ Kf7 29. Nxc8 Rxc8 30. g4 Bd4 31. gxf5 Rd8 32. Bxe4 Rxd6 33. Kg2 Kf6
34. Kf3 Ke5 35. Bc2 Rf6 36. Re1+ Kd6 37. Re8 Kd7 38. Rg8 Ke7 39. Rg7+ Kd6 40.
Rh7 Be5 41. h3 Bd4 42. Bd3 Ke5 43. Re7+ Kd6 44. Re8 Kd7 45. Rg8 Kd6 46. Kg3 Ke7
47. f4 Be3 48. Kf3 Bd2 49. Rg2 Bc3 50. Re2+ Kd6 51. Bc4 Kd7 52. Be6+ Ke7 53.
Rg2 Rf8 54. Rg6 Rh8 55. Kg4 Bf6 56. Kh5 Bd4 57. Bc4 Bf6 58. Rg2 Bd4 59. Kg6 Rf8
60. Re2+ Kd7 61. Be6+ Ke7 62. Bf7+ Kd7 63. f6 c4 64. bxc4 c5 65. Re7+ Kd6 66.
Ra7 1-0

[Event "Paracin 2018"]
[Site "Paracin, Hotel Petrus"]
[Date "2018.07.12"]
[Round "8.42"]
[White "Matovic, Mihajlo Z"]
[Black "Terziev, Dimo"]
[Result "1-0"]
[WhiteElo "2256"]
[BlackElo "2016"]
[PlyCount "51"]
[EventDate "2018.07.06"]

1. Nf3 g6 2. c4 Bg7 3. Nc3 Nf6 4. e4 d6 5. d4 O-O 6. h3 e5 7. d5 Nh5 8. g3 f5
9. Be2 Nf6 10. exf5 Bxf5 11. g4 Bc8 12. Be3 Nbd7 13. Qc2 a5 14. O-O-O Qe7 15.
Rdg1 Nc5 16. Ng5 h6 17. Nge4 Nfxe4 18. Nxe4 Nxe4 19. Qxe4 g5 20. Bd3 Bf6 21. h4
Bd7 22. hxg5 Bxg5 23. Qg6+ Qg7 24. Qxg7+ Kxg7 25. Bxg5 hxg5 26. Rh7+ 1-0

[Event "Paracin 2018"]
[Site "Paracin, Hotel Petrus"]
[Date "2018.07.12"]
[Round "8.43"]
[White "Mehmed, Elif"]
[Black "Bratkovic, Jakob"]
[Result "0-1"]
[WhiteElo "1973"]
[BlackElo "2253"]
[PlyCount "122"]
[EventDate "2018.07.06"]

1. e4 c5 2. Nf3 Nc6 3. d4 cxd4 4. Nxd4 e5 5. Nb5 d6 6. c4 Be7 7. N1c3 a6 8. Na3
f5 9. exf5 Bxf5 10. Bd3 Be6 11. Qh5+ Bf7 12. Qh3 Nf6 13. Nc2 O-O 14. Bg5 g6 15.
Bh6 Re8 16. O-O Qc8 17. Qf3 Ng4 18. Bd2 e4 19. Bxe4 Nce5 20. Qd1 Nxc4 21. Bc1
Nf6 22. Bf3 Ne5 23. Be2 d5 24. Nd4 Qd7 25. Na4 Rad8 26. Bf4 Bf8 27. Rc1 Nc4 28.
b3 Nd6 29. Nb6 Qe7 30. Bf3 Nfe4 31. Qc2 Bg7 32. Be3 Nf5 33. Nxf5 gxf5 34. Qc7
d4 35. Bf4 d3 36. Qxe7 Rxe7 37. Nc8 Red7 38. Nb6 Rd4 39. Be3 R4d6 40. Bxe4 fxe4
41. Nc4 d2 42. Rcd1 Bxc4 43. bxc4 Rd3 44. g3 Bb2 45. Kg2 Bc1 46. Kh3 Ra3 47.
Kg4 Rxa2 48. Kf4 Rc2 49. Kxe4 Rxc4+ 50. Kf3 b5 51. Ke2 Rc2 52. f4 b4 53. f5 b3
54. Rf4 b2 55. Rb4 Kf7 56. Bg5 Rd7 57. Rb8 a5 58. g4 a4 59. Bh6 Kf6 60. Rf8+
Ke5 61. Re8+ Kd4 0-1

[Event "Paracin 2018"]
[Site "Paracin, Hotel Petrus"]
[Date "2018.07.12"]
[Round "8.44"]
[White "Mitev, Valentin"]
[Black "Danaci, Ege"]
[Result "1/2-1/2"]
[WhiteElo "2242"]
[BlackElo "1902"]
[PlyCount "165"]
[EventDate "2018.07.06"]

1. d4 Nf6 2. Bg5 Ne4 3. Bf4 c5 4. f3 Qa5+ 5. c3 Nf6 6. Nd2 cxd4 7. Nb3 Qf5 8.
Bxb8 Rxb8 9. Qxd4 b6 10. e4 Qf4 11. Ne2 Qc7 12. e5 Ng8 13. Ng3 Nh6 14. Nd2 e6
15. Nde4 Bc5 16. Nd6+ Bxd6 17. exd6 Qc5 18. Qxg7 Qe3+ 19. Be2 Rg8 20. Qf6 Nf5
21. Nxf5 exf5 22. Kf1 Qe6 23. Qd4 Kf8 24. Bc4 Qg6 25. Rg1 Bb7 26. Re1 Bc6 27.
Re7 Rg7 28. Qe5 Qg5 29. Qe3 Qh4 30. Qd4 Qxd4 31. cxd4 Re8 32. Rxe8+ Kxe8 33.
Kf2 Rg6 34. Re1+ Kd8 35. Bxf7 Rxd6 36. Ke3 Ke7 37. Bc4 Kf6 38. Rd1 Bd5 39. Bxd5
Rxd5 40. Rc1 Ra5 41. a3 Rb5 42. b4 a5 43. Rb1 Ke6 44. Kd3 h6 45. Kc4 Rd5 46.
Re1+ Kd6 47. b5 f4 48. Re4 Rf5 49. a4 Rf8 50. Kd3 Rf5 51. Re8 Rg5 52. Re2 Kd5
53. Re7 d6 54. Rh7 Rg6 55. h4 Re6 56. h5 Re3+ 57. Kd2 Ra3 58. Rxh6 Rxa4 59. Kc3
Rc4+ 60. Kb3 Rxd4 61. Rg6 Rd1 62. Kc3 Rc1+ 63. Kd2 Rh1 64. Rg5+ Kc4 65. Rg4
Rxh5 66. Rxf4+ Kb3 67. g4 Rh7 68. Rf6 a4 69. Rxd6 a3 70. Rxb6 Ra7 71. Rc6 a2
72. Rc1 a1=Q 73. Rxa1 Rxa1 74. Kd3 Ra5 75. b6 Rb5 76. f4 Rxb6 77. Kd4 Rb4+ 78.
Ke5 Kc4 79. g5 Rb5+ 80. Ke6 Rb6+ 81. Ke5 Rb5+ 82. Ke6 Rb6+ 83. Ke5 1/2-1/2

[Event "Paracin 2018"]
[Site "Paracin, Hotel Petrus"]
[Date "2018.07.12"]
[Round "8.45"]
[White "Ahmed, Fareed"]
[Black "Eric, Jovana"]
[Result "0-1"]
[WhiteElo "1953"]
[BlackElo "2342"]
[PlyCount "56"]
[EventDate "2018.07.06"]

1. e4 c5 2. Nf3 d6 3. d4 cxd4 4. Nxd4 Nf6 5. Nc3 a6 6. Bc4 e6 7. Bb3 Nc6 8. Be3
Be7 9. Qe2 O-O 10. O-O-O Qc7 11. f4 Nxd4 12. Rxd4 b5 13. Rg1 Rb8 14. a3 Kh8 15.
f5 e5 16. Rd3 b4 17. axb4 Rxb4 18. Bg5 Qa5 19. Kb1 Rd4 20. Rh3 Bb7 21. Bxf6
Bxf6 22. Qh5 h6 23. g4 Kg8 24. g5 Bxg5 25. f6 d5 26. Nxd5 Bxd5 27. Bxd5 Ra4 28.
Ra3 Rxa3 0-1